| 000 | 004220000a22001690004500 | ||
|---|---|---|---|
| 003 | MACL | ||
| 005 | 20160110134702.0 | ||
| 008 | 160110b xxu||||| |||| 00| 0 eng d | ||
| 040 |
_aMACL _cMACL |
||
| 041 | _aEnglish | ||
| 082 | _a551.21/LOB | ||
| 100 |
_aLobley, J Logan _930962 |
||
| 245 | _aMount Vesuvius | ||
| 260 |
_bRoper and Drowley _c1889 _aLondon |
||
| 650 |
_aEarth Science _95772 |
||
| 942 |
_cBK _k551.21/LOB _2ddc |
||
| 999 |
_c37007 _d37007 |
||